00347nam a2200157Ia 4500003000900000008004100009040001300050040001300063100001700076245003600093250001200129260000800141300000800149490000600157600002600163IT-RoPAU120407s9999 xx 000 0 und d aIT-RoPAU cIT-RoPAU aPio Paschini aLezioni di storia ecclesiastica aTorino  aSei c cm v2 amanca il primo volume